000 00571nam a22001577a 4500
005 20251108165215.0
008 250721s1997 xx 000 0 ara d
082 1 4 _a922.1/طيب
100 1 _aالطيبي، عكاشة عبد المنان
245 1 0 _aالأرقم بن أبي الأرقم المخزومي رضي الله عنه :
_bسابع سبعه في الإسلام /
264 1 _aبيروت :
_bدار إبن زيدون،
_c1997.
300 _a136ص.
650 1 7 _aالأرقم بن أبي الأرقم المخزومي
942 _2ddc
_cBK
999 _c22146
_d22146